000 00310nam a2200109Ia 4500
008 200302s9999 xx 000 0 und d
100 _aJoyti Hosagrahar
245 _aIndigenous Modernities Negotiating Architecture and Urbanism
260 _bRortledge Taylor & Francis Group
260 _c2005
300 _a234 P.,
999 _c5128
_d5128